Southville International School and Colleges
Your cart is empty.
  • Cart
  • Lists
    Public lists Eva Luna New books Lux_list list_1
    Your lists Log in to create your own lists
  • Log in to your account
  • Your cookies
  • Search history
Southville International School and Colleges
  • Advanced search
  • Recent comments
  • Most popular
  • Libraries

Log in to your account

Log in with GOOGLE


If you do not have an external account, but do have a local account, you can still log in:

  1. Home
  2. MARC view: To what extent was the final solution of the Nazis implemented in Auschwitz? /
Normal view MARC view ISBD view

To what extent was the final solution of the Nazis implemented in Auschwitz? / (Record no. 98237)

[ view plain ]
MARC details
000 -LEADER
fixed length control field 00791nam a2200205 a 4500
003 - CONTROL NUMBER IDENTIFIER
control field 0
005 - DATE AND TIME OF LATEST TRANSACTION
control field 20250311144652.0
008 - FIXED-LENGTH DATA ELEMENTS--GENERAL INFORMATION
fixed length control field 090709s19uu xx 00 eng d
050 ## - LIBRARY OF CONGRESS CALL NUMBER
Classification number PHS D 804.3
Item number .D292 2009
100 ## - MAIN ENTRY--PERSONAL NAME
Personal name Decena, Kimberly.
245 ## - TITLE STATEMENT
Title To what extent was the final solution of the Nazis implemented in Auschwitz? /
Statement of responsibility, etc Kimberly Decena.
260 ## - PUBLICATION, DISTRIBUTION, ETC. (IMPRINT)
Place of publication, distribution, etc Las Piñas City, Philippines :
Name of publisher, distributor, etc Southville International School and Colleges,
Date of publication, distribution, etc 2009.
300 ## - PHYSICAL DESCRIPTION
Extent 31 pages :
Other physical details illustrations ;
Dimensions 28 cm.
500 ## - GENERAL NOTE
General note Most Outstanding Historical PASS Research
504 ## - BIBLIOGRAPHY, ETC. NOTE
Bibliography, etc Includes bibliographical references.
650 ## - SUBJECT ADDED ENTRY--TOPICAL TERM
Topical term or geographic name as entry element Holocaust, Jewish (1939–1945)
Geographic subdivision Poland
-- Auschwitz.
650 ## - SUBJECT ADDED ENTRY--TOPICAL TERM
Topical term or geographic name as entry element Final Solution (Nazi Germany).
650 ## - SUBJECT ADDED ENTRY--TOPICAL TERM
Topical term or geographic name as entry element Auschwitz (Concentration camp).
942 ## - ADDED ENTRY ELEMENTS (KOHA)
Source of classification or shelving scheme Library of Congress Classification
Koha item type PASS
Holdings
Withdrawn status Lost status Source of classification or shelving scheme Damaged status Home library Current library Shelving location Date acquired Source of acquisition Total Checkouts Full call number Barcode Date last seen Date checked out Price effective from Koha item type
    Library of Congress Classification   Luxembourg Library Luxembourg Library Portfolio Assessment of SISC Students Section 07/09/2009 Donation 1 PHS D 804.3 .D292 2009 P2334 07/14/2014 07/11/2014 04/08/2014 PASS

To what extent was the final solution of the Nazis implemented in Auschwitz? /

APA

Decena K., . (2009). To what extent was the final solution of the Nazis implemented in Auschwitz?. Las Piñas City, Philippines: Southville International School and Colleges.

Chicago

Decena Kimberly, . 2009. To what extent was the final solution of the Nazis implemented in Auschwitz?. Las Piñas City, Philippines: Southville International School and Colleges.

Harvard

Decena K., . (2009). To what extent was the final solution of the Nazis implemented in Auschwitz?. Las Piñas City, Philippines: Southville International School and Colleges.

MLA

Decena Kimberly, . To what extent was the final solution of the Nazis implemented in Auschwitz?. Las Piñas City, Philippines: Southville International School and Colleges. 2009.

  • Print
  • Cite
  • Add to your cart (remove)
  • Save record
    BIBTEX Dublin Core MARCXML MARC (non-Unicode/MARC-8) MARC (Unicode/UTF-8) MARC (Unicode/UTF-8, Standard) MODS (XML) RIS
  • More searches
    Search for this title in:
    Other Libraries (WorldCat) Other Databases (Google Scholar) Online Stores (Bookfinder.com) Open Library (openlibrary.org)

Exporting to Dublin Core...

SOUTHVILLE LIBRARY

Southville International School and Colleges Library

1281 Tropical Ave. Cor. Luxembourg St., BF Homes International, Las Pinas City

Tel. No. 8256374 / 252358 Loc. 117/146

Powered by Koha